Sledovanie vplyvu hypometylačných látok na rozvoj rezistencie v ľudských leukemických bunkových líniách

Salvato in:
Dettagli Bibliografici
Autore principale: Šimoničová, Kristína (Autore)
Altri autori: Messingerová, Lucia (Relatore della tesi)
Natura: Manoscritto Libro
Lingua:slovacco
Pubblicazione: 2017
Soggetti:
Accesso online:http://is.stuba.sk/zp/portal_zp.pl?podrobnosti=121811
Tags: Aggiungi Tag
Nessun Tag, puoi essere il primo ad aggiungerne!!

MARC

LEADER 00000ntm a22000003a 4500
001 stuzp64899
003 SK-STU
005 20170715210948.3
007 ta
008 150427s2015----xo-----f-mn---000-0-slo-d
040 |a STU  |b slo 
041 0 |a slo 
100 1 |a Šimoničová, Kristína  |u 043000  |4 aut  |U FCHPT Fakulta chemickej a potravinárskej technológie  |T FCHPT Ústav biochémie a mikrobiológie  |X 77631  |U C3000  |Y 101  |7 77631 
242 0 1 |a Monitoring the Impact of Hypomethylating Agents on the Development of Resistance in Human Leukemic Cell Lines  |y eng 
245 1 0 |a Sledovanie vplyvu hypometylačných látok na rozvoj rezistencie v ľudských leukemických bunkových líniách 
260 |c 2017 
650 4 |a 5-aza-2’-deoxycytidín  |2 slo 
650 4 |a ABC transportéry  |2 slo 
650 4 |a DNA metyltransferázy  |2 slo 
650 4 |a akútna myeloidná leukémia  |2 slo 
650 4 |a SKM-1  |2 slo 
650 4 |a SKM-1/DAC  |2 slo 
650 4 |a acute myeloid leukemia  |2 eng 
650 4 |a 5-aza-2’-deoxycytidine  |2 eng 
650 4 |a ABC transporters  |2 eng 
650 4 |a DNA methyltransferases  |2 eng 
650 4 |a SKM-1  |2 eng 
650 4 |a SKM-1/DAC  |2 eng 
700 1 |a Messingerová, Lucia  |u 043000  |k Z2  |4 ths  |U FCHPT Fakulta chemickej a potravinárskej technológie  |T FCHPT Ústav biochémie a mikrobiológie  |X 8245  |U C3000  |Y 101  |7 8245 
856 4 |u http://is.stuba.sk/zp/portal_zp.pl?podrobnosti=121811